Finland in figures 1983

Salvato in:
Dettagli Bibliografici
Natura: Libro
Lingua:inglese
Pubblicazione: Helsinki Central Statistical Office 1982
Tags: Aggiungi Tag
Nessun Tag, puoi essere il primo ad aggiungerne!!

MARC

LEADER 00000nam a2200000 4500
001 c136646
005 20251203075355.9
041 0 |a eng 
044 |a FI 
245 1 0 |a Finland in figures 1983 
264 1 |a Helsinki  |b Central Statistical Office  |c 1982 
300 |a 32 s.